O Brotar da Criação: um olhar dinâmico pela ciência, a filosofia e a teologia (Registo nº 76015)

Detalhes MARC
000 -Etiqueta do registo
campo de controlo de comprimento fixo 00413 a2200133 4500
001 - Identificador do registo
Campo de controlo 76015
005 - Identificador da versão
Campo de controlo 20260320144937.0
010 ## - ISBN
Número (ISBN) 9725400089
100 ## - Dados Gerais de Proc.
Dados gerais de processamento 20260320 pory50
200 ## - Título
Título próprio O Brotar da Criação: um olhar dinâmico pela ciência, a filosofia e a teologia
Primeira menção de responsabilidade Sebastião J. Formosinho; J. Oliveira Branco
205 ## - Menção da edição
Menção da edição 2 ª
210 ## - Publicação, Distribuição
Nome do editor, distribuidor, etc. Universidade Católica Editora
Data da publicação, distribuição, etc. 1999
090 ## - Números de controlo do sistema (Koha)
Número biblioitem do Koha (gerado automaticamente) 76015
942 ## - Elementos de entrada adicionados (Koha)
Tipo de item no Koha Monografias

Não há exemplares disponíveis.